000 01172cam a2200253 i 4500
003 SA-RiAUC
005 20240914160528.0
008 240909s1998 su g 000r0 ara c
040 _aSA-RiAUC
_bara
_cSA-RiAUC
_erda
082 0 4 _a251.13
_bا ب ن ع
100 1 _aابن عبد البر، يوسف بن عبد الله بن محمد،
_d368-463 هجري
_eمؤلف.
245 1 2 _aالإجماع /
_cلابن عبد البر أبو عمر يوسف بن عبد الله بن عبد البر ؛ جمع وترتيب فؤاد بن عبد العزيز الشلهوب، عبد الوهاب بن ظافر الشهري.
250 _aالطبعة الأولى.
264 1 _aالرياض :
_bدار القاسم للنشر،
_c1998
300 _a376 صفحة ؛
_c24سم
336 _aنص
_btxt
_2rdacontent
_3كتاب
337 _aبدون وسيط
_bn
_2rdamedia
338 _aمجلد
_bnc
_2rdacarrier
650 7 _aالإجماع (أصول فقه)
_2aucsh
700 1 _aالشلهوب، فؤاد عبد العزيز
_eجامع.
700 1 _aالشهري، عبد الوهاب بن ظافر
_eجامع.
942 _2ddc
_cBOOK
949 _aSA-JeALM
_d240909
_umohamedma123
_n1
999 _c138
_d138